000 00316nam a2200121Ia 4500
008 240624s9999 xx 000 0 und d
041 _aeng
082 _a006.3 JON
100 _aJONES M TIM
245 _aARTIFICIAL INTELLIGENCE APPLICATION PROG
260 _c2003
_aNew Delhi
_bWiley Dreamtech India
300 _axv, : 363
999 _c959
_d959